Analysis of electric circuits / (Record no. 191021)
[ view plain ]
| 000 -LEADER | |
|---|---|
| fixed length control field | 01135 a2200169 4500 |
| 003 - CONTROL NUMBER IDENTIFIER | |
| control field | Nust |
| 005 - DATE AND TIME OF LATEST TRANSACTION | |
| control field | 20221031141727.0 |
| 040 ## - CATALOGING SOURCE | |
| Transcribing agency | Nust |
| 082 ## - DEWEY DECIMAL CLASSIFICATION NUMBER | |
| Classification number | 621.3192,BRE |
| 100 ## - MAIN ENTRY--PERSONAL NAME | |
| Personal name | Brenner, Egon |
| 9 (RLIN) | 102019 |
| 245 ## - TITLE STATEMENT | |
| Title | Analysis of electric circuits / |
| Statement of responsibility, etc. | Egon Brenner and Mansour Javid |
| 260 ## - PUBLICATION, DISTRIBUTION, ETC. | |
| Place of publication, distribution, etc. | New York |
| Name of publisher, distributor, etc. | McGraw-Hill, |
| Date of publication, distribution, etc. | 1959 |
| 300 ## - PHYSICAL DESCRIPTION | |
| Extent | xv,702 p; |
| 505 ## - FORMATTED CONTENTS NOTE | |
| Formatted contents note | The Circuits Concepts (Page-1), Waveform (Page-13), Circuits Elements (Page-32), Response of Single Elements (Page-48), Circuits Containing only One Type of Element (Page-77), Source Free Combination of Elements (Page-88), Complex Numbers and their Applications (Page-108), The Source Free R-L-C Circuits (Page-135), Equivalent Circuits for Practical Source (Page-172), Response of Circuits with Source (Page-185), Network Function (Page-247), Poles and Zeros of Network Function(Page-287), Circuits in the Sinusoidal Steady State (Page-318), General Analysis Techniques (Page-435), Three Phase Circuits (Page-547), Circuits with Magnetic Coupling (Page-586), Harmonic Analysis and Fourier Series (Page-623), |
| 650 ## - SUBJECT ADDED ENTRY--TOPICAL TERM | |
| Topical term or geographic name entry element | electric circuits |
| 9 (RLIN) | 10997 |
| 942 ## - ADDED ENTRY ELEMENTS (KOHA) | |
| Source of classification or shelving scheme | |
| Koha item type | Book |
| Withdrawn status | Lost status | Source of classification or shelving scheme | Damaged status | Not for loan | Permanent Location | Current Location | Shelving location | Date acquired | Full call number | Barcode | Date last seen | Price effective from | Koha item type | Public note |
|---|---|---|---|---|---|---|---|---|---|---|---|---|---|---|
| Military College of Signals (MCS) | Military College of Signals (MCS) | General Stacks | 12/12/2016 | 621.3192,BRE | MCS5360 | 12/08/2016 | 12/12/2016 | Book | Almirah No.29, Shelf No.4 |
